[Event "Fuerteventura"]
[Site "Fuerteventura"]
[Date "1992.??.??"]
[Round "?"]
[White "Zak, Uriel"]
[Black "Todorcevic, Miodrag"]
[Result "1/2-1/2"]
[WhiteElo "2385"]
[BlackElo "2470"]

1.e4 g6 2.d4 Bg7 3.Nc3 d6 4.Nf3 Nf6 5.Be2 O-O 6.O-O c6 7.Bf4 Nbd7 8.Qd2 Qa5
9.Nd5 Qd8 10.Nc3 Qc7 11.e5 dxe5 12.Nxe5 Qd8 13.Nxd7 Bxd7 14.Be5 Bf5 15.Bf3 Qd7
16.Rfe1 Rad8 17.Rad1 Rfe8 18.Qg5 Bg4 19.Be2 h6 20.Qf4 Bxe2 21.Rxe2 Nd5 22.Nxd5 Qxd5
23.Bxg7 Kxg7 24.Qe5+ Qxe5 25.Rxe5 f6 26.Ree1 Kf7 27.Kf1 Rd5 28.c3 Red8 29.Rc1 R8d7
30.Rc2 c5 31.dxc5 Rxc5 32.f3 e5 33.Kf2 b5 34.Re4 f5 35.Rh4 h5 36.g3 a5 37.b4 axb4
38.Rxb4 Rdc7 39.Rcb2 Rxc3 40.Rxb5 Rc2+ 41.Rxc2 Rxc2+ 42.Kg1 e4 43.fxe4 fxe4
44.Rb4  1/2-1/2

[Event "Troll Masters"]
[Site "Gausdal"]
[Date "1992.??.??"]
[Round "4"]
[White "Thorhallsson, Throstur"]
[Black "Bern, Ivar"]
[Result "1-0"]
[WhiteElo "2425"]
[BlackElo "2395"]

1.e4 g6 2.d4 Bg7 3.Nc3 d6 4.f4 Nf6 5.Nf3 O-O 6.Bd3 Na6 7.h3 c5 8.d5 Nc7 9.a4 e6
10.dxe6 fxe6 11.O-O d5 12.Ng5 dxe4 13.Ncxe4 Nxe4 14.Bxe4 Qxd1 15.Rxd1 Nd5
16.g3 Rb8 17.c3 b6 18.a5 b5 19.Bd2 b4 20.cxb4 cxb4 21.Rab1 Rb5 22.a6 Bf6
23.Be1 h6 24.Nf3 Kg7 25.Bf2 Rf7 26.Nd4 Ra5 27.Rbc1 Bd7 28.Bd3 g5 29.f5 exf5
30.Nb3 Ra2 31.Bc4 Bxb2 32.Bxd5 Bxc1 33.Bxf7 Kxf7 34.Nxc1 Ba4 35.Nxa2 Bxd1
36.Nxb4 Bf3 37.Bxa7 Ke6  1-0

[Event "Troll Masters"]
[Site "Gausdal"]
[Date "1992.??.??"]
[Round "8"]
[White "Reeh, Oliver"]
[Black "Kuzmin, Gennadi P"]
[Result "1-0"]
[WhiteElo "2445"]
[BlackElo "2535"]

1.e4 g6 2.d4 Bg7 3.Nc3 d6 4.f4 a6 5.Nf3 b5 6.Bd3 Nc6 7.Be3 Nf6 8.h3 O-O 9.O-O Bb7
10.e5 dxe5 11.dxe5 Nd5 12.Nxd5 Qxd5 13.a3 f6 14.Qe2 fxe5 15.c4 Qd6 16.cxb5 axb5
17.Rad1 Nd4 18.Nxd4 exd4 19.Bxb5 Kh8 20.Bd2 c5 21.Bd3 Rae8 22.b4 Bf6 23.bxc5 Qxc5
24.Bb4 Qb6 25.Rde1 Rf7 26.Qe6 Qxe6 27.Rxe6 Bd5 28.Re2 e6 29.Rc1 Bg7 30.g3 g5
31.Rc5 Rd8 32.f5 e5 33.Ba5 Rdd7 34.Rc8+ Rf8 35.Rxf8+ Bxf8 36.Rxe5 Kg7 37.f6+ Kxf6
38.Rf5+ Kg7 39.Rxg5+ Kh8 40.Bb5 Bh6 41.Re5 Ra7 42.Bb6 Rxa3 43.Rxd5 Rxg3+
44.Kh2 Bf4 45.Bxd4+ Kg8 46.Rf5  1-0

[Event "Oberliga Nord N9192"]
[Site "Germany"]
[Date "1992.??.??"]
[Round "?"]
[White "Steckner, Johannes"]
[Black "Kunsztowicz, Uwe"]
[Result "1-0"]
[WhiteElo "2315"]
[BlackElo "2330"]

1.d4 g6 2.e4 Bg7 3.Nc3 d6 4.Nge2 Nf6 5.g3 O-O 6.Bg2 Na6 7.h3 c5 8.O-O Rb8
9.a4 b6 10.Nb5 Bb7 11.d5 Ra8 12.Rb1 Nd7 13.b3 Nc7 14.Nxc7 Qxc7 15.Bb2 Bxb2
16.Rxb2 a6 17.c4 b5 18.axb5 axb5 19.cxb5 Qa5 20.Qd2 Qxb5 21.b4 Ba6 22.Nc3 Qd3
23.b5 Qxd2 24.Rxd2 Bb7 25.Rb1 Ra3 26.Rc2 Nb6 27.Bf1 f5 28.exf5 Rxf5 29.Bg2 Re5
30.Rbb2 Re1+ 31.Kh2 Rea1 32.Be4 Kf8 33.h4 Ra8 34.Re2 Nc4 35.Ra2 R1xa2 36.Rxa2 Rxa2
37.Nxa2 Nd2 38.Bg2 Kg7 39.Nc3 Kf6 40.f4 Nc4 41.Be4 Nb6 42.g4 e6 43.g5+ Ke7
44.dxe6 d5 45.Bb1 Kxe6 46.h5 Kf7 47.h6 Bc8 48.Kg3 Be6 49.Kf2 Kf8 50.Bc2 Nd7
51.Na4 d4 52.b6 c4 53.b7 Nb8 54.Nc5 Bg4 55.Ba4 c3 56.Bc2 Kf7 57.Nb3 d3 58.Bxd3 Be6
59.Nc5 Bd5 60.Ke3 Bg2 61.Kd4  1-0

[Event "Oberliga Nord O9192"]
[Site "Germany"]
[Date "1992.??.??"]
[Round "?"]
[White "Thinius, Marco"]
[Black "Kauschmann, Herbert"]
[Result "1-0"]
[WhiteElo "2350"]
[BlackElo "2250"]

1.e4 g6 2.d4 Bg7 3.Nc3 d6 4.Nf3 Nf6 5.Be2 O-O 6.O-O c6 7.h3 Qc7 8.a4 e5 9.dxe5 dxe5
10.Be3 h6 11.Qc1 Kh7 12.Nd2 b6 13.Rd1 Ba6 14.Nc4 Nh5 15.a5 b5 16.Bxh5 bxc4
17.Be2 Nd7 18.Qd2 Rfd8 19.Qd6 Qb7 20.Qe7 Kg8 21.Na4 Bf6 22.Qd6 Bg7 23.Qe7 Bf6
24.Qa3 Bg7 25.Qc3 Bb5 26.Bxc4 Bxa4 27.Rxa4 Nf6 28.Bd3 Qe7 29.Qc5 Qe6 30.Qc4 Qc8
31.Raa1 Nh5 32.Bf1 Rxd1 33.Rxd1 Nf4 34.Kh2 Qc7 35.b4 Ne6 36.c3 Re8 37.Kg1 Kh7
38.Qa6 Re7 39.Qd3 c5 40.Qd6 cxb4 41.Qxc7 Rxc7 42.cxb4 Nd4 43.Rc1 Rb7 44.b5 Bf8
45.Rc8 Bb4 46.a6 Re7 47.Bc4 Ba5 48.Kf1 Bb6 49.Bc1 Rd7 50.Ba3 Kg7 51.Bf8+ Kh7
52.Bc5 Ba5 53.g3 Kg7 54.Kg2 g5 55.Re8 Kf6 56.Rb8 Rc7 57.b6 Bxb6 58.Bxb6 Rxc4
59.Bxa7 Nc6 60.Bb6 Ra4 61.Rc8 Ne7 62.Bd8 Ke6 63.Rc7 Ng6 64.a7 f6 65.Rb7 Nf8
66.Bb6 Nd7 67.Rb8 Nxb6 68.Rxb6+ Kf7 69.Rb7+ Kg6 70.g4 h5 71.Kf3 Ra2 72.Ke3 hxg4
73.hxg4 Ra1 74.Kd3 Ra4 75.Kc3 Ra1 76.Kc4 Rc1+ 77.Kb5 Rb1+ 78.Kc6 Rc1+ 79.Kd7  1-0

[Event "BL2-N9192"]
[Site "Germany"]
[Date "1992.??.??"]
[Round "?"]
[White "Heilemann, Manfred"]
[Black "Volkmer, Andreas"]
[Result "1/2-1/2"]
[WhiteElo "2280"]
[BlackElo "2260"]

1.e4 g6 2.d4 Bg7 3.Nc3 d6 4.g3 Nc6 5.d5 Nd4 6.Be3 c5 7.dxc6 Nxc6 8.Bg2 Nf6
9.h3 Qa5 10.Ne2 O-O 11.O-O Ne5 12.b3 Bd7 13.f4 Nc6 14.Nd5 Rfe8 15.Bd2 Qc5+
16.Be3 Qa5 17.Bd2 Qc5+ 18.Be3 Qa5  1/2-1/2

[Event "BL9192 (Women)"]
[Site "Germany"]
[Date "1992.??.??"]
[Round "?"]
[White "Madl, Ildiko"]
[Black "Ramseier, Jana S"]
[Result "1-0"]
[WhiteElo "2375"]
[BlackElo "2110"]

1.e4 g6 2.d4 Bg7 3.Nc3 d6 4.Be3 e6 5.Qd2 Ne7 6.h4 h5 7.Nh3 Nd7 8.f3 Nf8 9.O-O-O Bd7
10.Nf2 a6 11.g4 b5 12.Kb1 Qb8 13.Bd3 a5 14.Ne2 b4 15.c4 bxc3 16.Nxc3 a4 17.a3 Nc6
18.Bb5 Na5 19.Qd3 Ra7 20.Bxa4 Rb7 21.Qe2 c5 22.e5 cxd4 23.Bxd4 dxe5 24.Bc5 f5
25.gxf5 gxf5 26.Bxf8 Bxa4 27.Nxa4 Bxf8 28.Qa6 Bxa3 29.Qxe6+ Be7 30.Rhg1  1-0

[Event "NRW-Liga I 9192"]
[Site "Germany"]
[Date "1992.??.??"]
[Round "?"]
[White "Lanka, Zigurds"]
[Black "Haub, Thorsten Michael"]
[Result "1-0"]
[WhiteElo "2490"]
[BlackElo "2295"]

1.e4 g6 2.d4 Bg7 3.Nc3 d6 4.f4 e6 5.Nf3 Ne7 6.Be3 Nd7 7.Bd3 a6 8.Qd2 b5 9.O-O Nf6
10.h3 Bb7 11.a3 Qd7 12.Rf2 h6 13.Re1 d5 14.Ne5 Qd8 15.exd5 Nfxd5 16.Nxd5 Bxd5
17.b3 O-O 18.c4 bxc4 19.bxc4 Bc6 20.Qa5 Rb8 21.Rd2 Kh7 22.d5 exd5 23.Bc5 Bb7
24.cxd5 Kg8 25.Bc4 h5 26.Rdd1 Bf6 27.Nc6 Bxc6 28.dxc6 Qe8 29.Rd7 Bh4 30.Bxe7 Bxe1
31.Qxe1 Rb6 32.Qe4  1-0

[Event "BL9192 (Women)"]
[Site "Germany"]
[Date "1992.??.??"]
[Round "?"]
[White "Daemering, Katrin"]
[Black "Gerlach, Manuela"]
[Result "1-0"]
[WhiteElo "2085"]
[BlackElo "2075"]

1.e4 g6 2.d4 Bg7 3.Nc3 d6 4.Be3 Nf6 5.f3 c6 6.Qd2 b5 7.Bd3 Nbd7 8.Bh6 O-O
9.h4 Qb6 10.Nge2 a6 11.h5 e5 12.hxg6 fxg6 13.d5 c5 14.Ng1 Bxh6 15.Qxh6 c4
16.Be2 Nc5 17.Nh3 Bxh3 18.Rxh3 Rf7 19.O-O-O Qa5 20.a3 b4 21.Nb1 bxa3 22.bxa3 Rb8
23.Qe3 Rfb7 24.Nc3 Qxa3+ 25.Kd2 Na4 26.Nxa4 Qxa4 27.Qc3 Rc7 28.Ra1 Qb5 29.Rhh1 Nd7
30.Rhb1 Qc5 31.Rxb8+ Nxb8 32.Rb1 Rc8 33.Rb4 Qa5 34.Rxc4 Qxc3+ 35.Kxc3 Rxc4+
36.Kxc4 Kf7 37.Kb4  1-0

[Event "BL2-W9192"]
[Site "Germany"]
[Date "1992.??.??"]
[Round "?"]
[White "Zude, Arno"]
[Black "Cuijpers, Frans Andre"]
[Result "1/2-1/2"]
[WhiteElo "2410"]
[BlackElo "2410"]

1.e4 g6 2.d4 Bg7 3.Nc3 d6 4.Be3 c6 5.Qd2 b5 6.Nf3 b4 7.Nd1 Nf6 8.Bd3 Qb6
9.a3 bxa3 10.Rxa3 O-O 11.O-O Bg4 12.Nc3 Bxf3 13.gxf3 Nbd7 14.Ra6 Qb7 15.Rfa1 Rfd8
16.Nd1 e5 17.Qa5 Ne8 18.d5 cxd5 19.Qxd5 Qxd5 20.exd5 Nc7 21.R6a5 Nf6 22.c4 a6
23.Bb6 Nfe8 24.Rxa6 Nxa6 25.Bxd8 Rxd8 26.Rxa6 Rb8 27.Kf1 Bf8 28.Ke2 Nf6 29.Ra7 Bh6
30.Bc2 Nh5 31.b3 Nf4+ 32.Kf1 f5 33.Nc3 Bf8 34.Nb5 Re8 35.Nc7 Rb8 36.Na6 Rc8
37.Nb4 Re8 38.Nc6 e4 39.b4 e3 40.fxe3 Rxe3 41.Bd1 Rc3 42.b5 Rc1 43.b6 Rxd1+
44.Kf2 Bh6 45.b7 Nd3+ 46.Kg2 Rd2+ 47.Kf1 Rd1+ 48.Kg2 Rd2+ 49.Kf1  1/2-1/2

[Event "BL2-W9192"]
[Site "Germany"]
[Date "1992.??.??"]
[Round "?"]
[White "Schnaebele, Uwe"]
[Black "Ditt, Egon"]
[Result "1/2-1/2"]
[WhiteElo "2250"]
[BlackElo "2295"]

1.e4 g6 2.d4 Bg7 3.Nc3 d6 4.Be3 c6 5.Qd2 b5 6.f3 Nd7 7.Nd1 a6 8.a4 Bb7 9.axb5 axb5
10.Rxa8 Qxa8 11.Bd3 e6 12.Ne2 Ne7 13.O-O O-O 14.Nf2 Rd8 15.Bg5 f6 16.Bh6 Bh8
17.h4 Kf7 18.h5 gxh5 19.e5 dxe5 20.Bxh7 c5 21.Ne4 Bxe4 22.Bxe4 Nd5 23.dxe5 Nxe5
24.Nf4 Nxf4 25.Qxf4 Qa4 26.c3 Rd1 27.Qe3 Rxf1+ 28.Kxf1 f5 29.Bb1 Qd1+ 30.Qe1 Qd5
31.Bc2 Bf6 32.Be3 h4 33.Qd1 Qc6 34.Kf2 Nc4 35.Bc1 Kg6 36.b3 Ne5 37.Qd2 Nf7
38.Qe1 Qd6 39.Bd2 c4 40.bxc4 bxc4 41.Kf1 Be5 42.Qe2 Qd5 43.Qe3 Bf6 44.Qe2 Bg5
45.Bxg5 Nxg5 46.Kf2 Qd6 47.Kf1 Qf4 48.Bd1 Kf6 49.Ke1 Nf7 50.Qd2 Qh2 51.Qd4+ e5
52.Qb6+ Kg7 53.Qf2 Nd6 54.Be2 Qf4 55.Qc5 e4 56.Qd4+ Kg6 57.Kd1 Qh2 58.Qd5 exf3
59.Qe6+ Kg7 60.Bxf3 Qg3 61.Ke2 Qg6 62.Qe7+ Kh6 63.Qxh4+ Kg7 64.Qe7+ Kh6 65.Ke3 Qg3
66.Qe6+ Kg7 67.Kd4 Qf4+ 68.Kc5 Ne4+ 69.Bxe4 fxe4 70.Kxc4 Qf1+ 71.Kd4 Qd3+
72.Ke5 Qxc3+ 73.Kxe4  1/2-1/2

[Event "BL2-S9192"]
[Site "Germany"]
[Date "1992.??.??"]
[Round "?"]
[White "Thiel, Thomas"]
[Black "Steinbacher, Matthias"]
[Result "0-1"]
[WhiteElo "2295"]
[BlackElo "2335"]

1.e4 g6 2.d4 Bg7 3.Nc3 d6 4.Bc4 Nc6 5.Nf3 Nf6 6.h3 O-O 7.Qe2 Nd7 8.Be3 e5
9.Bg5 Bf6 10.Bxf6 Qxf6 11.Nd5 Qd8 12.h4 Nxd4 13.Nxd4 exd4 14.h5 g5 15.O-O-O c6
16.Nb4 a5 17.Rxd4 axb4 18.Rxd6 Qe7 19.Rhd1 Ne5 20.Bb3 Be6  0-1

[Event "BL2-S9192"]
[Site "Germany"]
[Date "1992.??.??"]
[Round "?"]
[White "Pfrommer, Christoph"]
[Black "Ostl, Andreas"]
[Result "0-1"]
[WhiteElo "2310"]
[BlackElo "2340"]

1.e4 d6 2.d4 g6 3.Nc3 Bg7 4.f4 Nd7 5.Nf3 c6 6.Bd3 e5 7.dxe5 dxe5 8.O-O exf4
9.Kh1 Nc5 10.Bxf4 Nxd3 11.cxd3 Ne7 12.Be5 f6 13.Bf4 Be6 14.d4 O-O 15.Qd2 g5
16.Bg3 h6 17.Rad1 Qd7 18.d5 Bf7 19.dxc6 Qxc6 20.Nd4 Qa6 21.Ndb5 Rac8 22.Nc7 Qb6
23.N3d5 Nxd5 24.Nxd5 Qe6 25.Qb4 Rc2 26.Rfe1 h5 27.Ne3 Rc6 28.Nf5 Rb6 29.Qd4 h4
30.Bd6 Rd8 31.Nxg7 Qxd6 32.Qg1 Qf8 33.Nf5 Rxb2 34.Qxa7 h3 35.gxh3 Bh5 36.Rxd8 Qxd8
37.Kg1 Qc7 38.Ng3  0-1

[Event "BL2-S9192"]
[Site "Germany"]
[Date "1992.??.??"]
[Round "?"]
[White "Gerigk, Erasmus"]
[Black "Roth, Juergen"]
[Result "1-0"]
[WhiteElo "2270"]
[BlackElo "2245"]

1.e4 g6 2.d4 Bg7 3.Nc3 d6 4.Be3 c6 5.a4 Nf6 6.h3 O-O 7.Nf3 Qc7 8.Be2 e5 9.O-O exd4
10.Bxd4 Re8 11.Nd2 Nbd7 12.f4 b6 13.Bf3 Nd5 14.exd5 Bxd4+ 15.Kh1 Bxc3 16.bxc3 cxd5
17.Bxd5 Bb7 18.Bxb7 Qxb7 19.Nc4 Qc6 20.Nxd6 Re3 21.Kh2 Rxc3 22.Rf2 Nf6 23.Rd2 Rd8
24.a5 b5 25.Rb1 Rc5 26.Rb3 Rd7 27.Rbd3 Re7 28.Nc8 Rc7 29.Rd8+ Kg7 30.Nd6 Rxc2
31.Rxc2 Qxc2 32.Qd4 Re7 33.Ne8+ Rxe8 34.Rxe8 Qc6 35.Rd8 Qe4 36.Qxe4 Nxe4
37.Ra8 b4 38.Rb8 Nf6 39.Rxb4 Nd5  1-0

[Event "Hessen-ch"]
[Site "Germany"]
[Date "1992.??.??"]
[Round "1"]
[White "Rasch, Holger"]
[Black "Alber, Horst"]
[Result "0-1"]
[WhiteElo "2220"]
[BlackElo "2335"]

1.e4 g6 2.d4 Bg7 3.Nc3 d6 4.Be2 Nf6 5.h4 h5 6.f3 c6 7.a4 a5 8.Be3 Na6 9.Qd2 Qc7
10.Nh3 Bxh3 11.Rxh3 O-O 12.g4 e5 13.dxe5 dxe5 14.Bg5 Rfd8 15.Bd3 Nc5 16.Qe2 Ne6
17.O-O-O hxg4 18.fxg4 Nxg5 19.hxg5 Nh7 20.Qe3 Qe7 21.Rxh7 Kxh7 22.Rh1+ Kg8
23.Ne2 b5 24.Ng3 bxa4 25.Nf5 gxf5 26.exf5 Rxd3 27.cxd3 a3 28.f6 axb2+ 29.Kc2 Bxf6
30.gxf6 Qxf6 31.Rh6 Qf4 32.Qxf4 exf4 33.Rxc6 Rb8 34.Kb1 a4 35.Rc3 f3 36.d4 f2
37.Rf3 a3 38.Rxf2 a2+ 39.Kxa2 b1=Q+  0-1

[Event "Hessen-ch"]
[Site "Germany"]
[Date "1992.??.??"]
[Round "1"]
[White "Zude, Arno"]
[Black "Buchal, Stephan"]
[Result "1-0"]
[WhiteElo "2410"]
[BlackElo "2295"]

1.e4 g6 2.d4 Bg7 3.Nc3 d6 4.Be3 Nf6 5.Qd2 Ng4 6.Bg5 h6 7.Bh4 g5 8.Bg3 e5
9.Nf3 Nc6 10.Bb5 Bd7 11.Bxc6 Bxc6 12.h4 exd4 13.Nxd4 Bxd4 14.Qxd4 Qf6 15.Qxf6 Nxf6
16.hxg5 Nxe4 17.Nxe4 Bxe4 18.f3 Bxc2 19.Rc1 Bg6 20.Rxc7 O-O 21.O-O hxg5 22.Bxd6 Rfe8
23.Rxb7 Rad8 24.Be7 Rb8 25.Rxa7 Rxb2 26.Rf2 Rb5 27.Rd2 Re5 28.Bf6 Rf5 29.Ra6 Kh7
30.g4  1-0

[Event "Hessen-ch"]
[Site "Germany"]
[Date "1992.??.??"]
[Round "4"]
[White "Lutz, Klaus Juergen"]
[Black "Buchal, Stephan"]
[Result "1/2-1/2"]
[WhiteElo "2270"]
[BlackElo "2295"]

1.e4 g6 2.d4 Bg7 3.Nc3 d6 4.Be2 Nf6 5.Nf3 O-O 6.O-O c6 7.a4 Nbd7 8.e5 dxe5
9.dxe5 Nd5 10.Nxd5 cxd5 11.Qxd5 Nxe5 12.Rd1 Qc7 13.Nxe5 Bxe5 14.Bf3 Bxh2+
15.Kh1 Be5 16.a5 Be6 17.Qxb7 Qxc2 18.Be3 Rac8 19.Rd2 Qc7 20.Bxa7 Qc4 21.Qe4 Qxe4
22.Bxe4 Rc4 23.f3 Rb4 24.Bc5 Rxb2 25.Rxb2 Bxb2 26.Rb1 Rc8 27.Bb6 Be5 28.Bb7 Rc4
29.Rd1 Rh4+ 30.Kg1 Rb4 31.a6 Rxb6 32.a7 Rxb7 33.a8=Q+ Rb8 34.Rd8+ Rxd8 35.Qxd8+ Kg7
36.Qxe7 h5 37.Kf2 Bd4+ 38.Ke2 Bf6 39.Qb4 h4 40.Ke3 Bf5  1/2-1/2

[Event "GER-chTJ"]
[Site "Germany"]
[Date "1992.??.??"]
[Round "4"]
[White "Theissen, Henning"]
[Black "Gerigk, Erasmus"]
[Result "0-1"]
[WhiteElo "2240"]
[BlackElo "2270"]

1.e4 g6 2.d4 Bg7 3.Nc3 d6 4.Be3 c6 5.Qd2 b5 6.Bd3 Nd7 7.a4 b4 8.Nce2 a5 9.Nf3 Qc7
10.O-O Ngf6 11.h3 O-O 12.Ng3 Bb7 13.Bh6 c5 14.dxc5 Qxc5 15.Rfe1 Rac8 16.Qf4 Ne5
17.Nh4 Nxd3 18.cxd3 Nh5 19.Nxh5 Qxh5 20.Bxg7 Kxg7 21.Rac1 Qh6 22.Qxh6+ Kxh6
23.Nf3 Ba6 24.d4 Kg7 25.Nd2 Bd3 26.Rxc8 Rxc8 27.Nb3 Rc2 28.Re3 Ba6 29.Nxa5 Rxb2
30.Nc6 Kf8 31.d5 Bc4 32.Na5 Ba2 33.Kh2 Rxf2 34.Nb3 Rb2 35.a5 Bxb3 36.a6 Bc4
37.Ra3 Bxa6 38.Rxa6 Re2 39.Rb6 Rxe4  0-1

[Event "Hessen-ch"]
[Site "Germany"]
[Date "1992.??.??"]
[Round "7"]
[White "Lutz, Klaus Juergen"]
[Black "Alber, Horst"]
[Result "1/2-1/2"]
[WhiteElo "2270"]
[BlackElo "2335"]

1.e4 g6 2.d4 Bg7 3.Nc3 d6 4.Nf3 Nf6 5.Be2 O-O 6.O-O c5 7.h3 cxd4 8.Nxd4 Nc6
9.Be3 Bd7 10.Nb3 a5 11.a4 Nb4 12.Nd4 Rc8 13.f4 e5 14.fxe5 dxe5 15.Ndb5  1/2-1/2

[Event "Graz-ch"]
[Site "Graz"]
[Date "1992.??.??"]
[Round "5"]
[White "Benedikt, Alexander"]
[Black "Deutsch, Ludwig"]
[Result "1-0"]
[WhiteElo "2065"]
[BlackElo "2240"]

1.d4 g6 2.e4 d6 3.Nc3 Bg7 4.Be3 Nd7 5.Qd2 e5 6.O-O-O Ngf6 7.f3 O-O 8.Nge2 Re8
9.g4 exd4 10.Nxd4 Ne5 11.Be2 Be6 12.Bh6 d5 13.Bxg7 Kxg7 14.Nxe6+ fxe6 15.g5 Ng8
16.f4 Nf7 17.exd5 e5 18.h4 Ne7 19.Bg4 Nf5 20.Bxf5 gxf5 21.fxe5 Rxe5 22.Rhe1 Rxe1
23.Rxe1 Qd6 24.Nb5 Qg3 25.Nd4 Nd6 26.Re7+ Kg8 27.Qe3 Qxh4 28.Qe6+  1-0

[Event "Graz"]
[Site "Graz"]
[Date "1992.??.??"]
[Round "7"]
[White "Dohr, Alexander"]
[Black "Marangunic, Srdjan"]
[Result "0-1"]
[WhiteElo "2200"]
[BlackElo "2455"]

1.e4 g6 2.d4 Bg7 3.Nc3 d6 4.Be2 Nd7 5.Nf3 c6 6.O-O Qc7 7.h3 Ngf6 8.Be3 O-O
9.Qd2 e5 10.Rad1 Re8 11.dxe5 dxe5 12.Bc4 Nf8 13.Qd6 Qxd6 14.Rxd6 h6 15.a3 N8d7
16.Nh4 Bf8 17.Rd2 Kg7 18.f4 exf4 19.Rxf4 Ne5 20.Bb3 Be6 21.Rdf2 Nh5 22.Nf5+ gxf5
23.Rh4 Nf6 24.Bxh6+ Kg8 25.Bg5 Nxe4 26.Rxe4 fxe4 27.Nxe4 Bg7 28.Nd6 Rf8 29.c4 b5  0-1

[Event "Groningen op"]
[Site "Groningen"]
[Date "1992.??.??"]
[Round "2"]
[White "Schaefer, Markus"]
[Black "Boehm, Martin"]
[Result "1-0"]
[WhiteElo "2435"]
[BlackElo "2220"]

1.e4 g6 2.d4 Bg7 3.Nc3 d6 4.f4 c6 5.Nf3 Bg4 6.Be3 Qb6 7.Qd2 Bxf3 8.gxf3 Qxb2
9.Rb1 Qa3 10.Rxb7 Nf6 11.Bc4 O-O 12.O-O Nfd7 13.Nb1 Qa4 14.Rb4  1-0

[Event "Hafnarfirdi"]
[Site "Hafnarfirdi"]
[Date "1992.??.??"]
[Round "3"]
[White "Stefansson, Hannes"]
[Black "Gretarsson, Helgi Ass"]
[Result "1/2-1/2"]
[WhiteElo "2455"]
[BlackElo "2350"]

1.d4 d6 2.e4 g6 3.Nc3 Bg7 4.Nf3 Bg4 5.Be3 Nf6 6.Be2 Nc6 7.d5 Bxf3 8.gxf3 Ne5
9.f4 Ned7 10.h4 h5 11.Rg1 Bh6 12.Qd2 c6 13.dxc6 bxc6 14.e5 Ng4 15.Bxg4 hxg4
16.O-O-O d5 17.e6 Nf6 18.exf7+ Kxf7 19.f3 gxf3 20.Qd3 Rg8 21.Kb1 f2 22.Bxf2 Bxf4
23.Ne2 Qd6 24.Bc5 Qxc5 25.Nxf4 Qb4 26.Nxg6 Rab8 27.b3 Qe4 28.Qxe4 Nxe4 29.Rdf1+ Ke6
30.Kb2 Kd6 31.h5 Rg7 32.h6 Rh7 33.Nh4 e6 34.Rg6 Rbh8 35.Nf5+ Ke5 36.Ne3 Kd6
37.Ng4 Ng3 38.Rff6 Re7 39.Rf3 Ne4 40.Rg7 Rh7 41.Rg8 Nc5 42.Rf6 Nd7 43.Rfg6 Ne5
44.Nxe5 Kxe5 45.b4 Ref7 46.Rc8 Kf5 47.Rg1 Rb7 48.Rf1+ Ke5 49.Ka3 Rxh6 50.Rxc6 Rh3+
51.Ka4 Re3 52.c3 Rb6 53.Rxb6 axb6 54.Rc1 Kd6 55.Kb5 Kc7 56.Ka6 e5 57.a4 Re2
58.c4 d4 59.Rb1 Rc2 60.c5 d3 61.cxb6+ Kb8 62.Rf1 d2 63.Rf8+ Rc8 64.Rf7 d1=Q
65.Rb7+ Ka8 66.Ra7+  1/2-1/2

[Event "Hafnarfirdi"]
[Site "Hafnarfirdi"]
[Date "1992.??.??"]
[Round "6"]
[White "Thorhallsson, Throstur"]
[Black "Conquest, Stuart"]
[Result "1-0"]
[WhiteElo "2425"]
[BlackElo "2485"]

1.e4 g6 2.d4 d6 3.Nc3 Bg7 4.f4 c6 5.a4 a5 6.Nf3 Bg4 7.Be3 Qb6 8.Qd2 Bxf3
9.gxf3 Nd7 10.O-O-O Qb4 11.Kb1 e6 12.h4 Ne7 13.Qf2 d5 14.h5 Nb6 15.f5 exf5
16.h6 Bf8 17.Qh2 Rg8 18.Na2  1-0

[Event "Hafnarfirdi"]
[Site "Hafnarfirdi"]
[Date "1992.??.??"]
[Round "8"]
[White "Thorhallsson, Throstur"]
[Black "Gretarsson, Helgi Ass"]
[Result "1/2-1/2"]
[WhiteElo "2425"]
[BlackElo "2350"]

1.d4 g6 2.e4 Bg7 3.Nc3 d6 4.f4 Nf6 5.Nf3 c5 6.Bb5+ Bd7 7.e5 Ng4 8.h3 cxd4
9.Qxd4 Nh6 10.Bxd7+ Qxd7 11.g4 Nc6 12.Qe4 O-O 13.Bd2 dxe5 14.fxe5 Qe6 15.O-O-O f5
16.exf6 Qxe4 17.Nxe4 exf6 18.Nc5 Rae8 19.Rhe1 Rxe1 20.Rxe1 f5 21.g5 Nf7 22.Bf4 b6
23.Nd3 Rc8 24.Kd2 Nfd8 25.b4 a5 26.bxa5 Nxa5 27.Re7 Ndc6 28.Rd7 Rd8 29.Rc7 Nb4
30.Be5 Bxe5 31.Nxe5 Nd5 32.Ra7 Rd6 33.Nf7 Re6 34.Nde5 Nc6 35.Nxc6 Rxc6 36.Nh6+ Kf8
37.Rxh7 Nb4 38.Rf7+ Ke8 39.c3 Nxa2 40.Rf6 Rxc3 41.h4 Rh3 42.Rxg6 Rxh4 43.Nxf5 Rh2+
44.Kd3 Rg2 45.Rg7 Nb4+ 46.Kd4 Kf8 47.Rg6 Nc6+ 48.Rxc6 Rxg5 49.Ke5 Ke8 50.Rd6 Rg1
51.Kf6 Rf1 52.Rd5 b5 53.Rxb5 Kd7 54.Rc5 Re1 55.Rc3 Re6+ 56.Kg5 Re1 57.Kf4 Re8
58.Rc1 Rc8 59.Rd1+ Kc7 60.Nd6 Rh8 61.Ke5 Rh6 62.Rc1+ Kb6 63.Ne4 Rh5+ 64.Kd4 Rh4
65.Rc4 Rh1 66.Rc2 Rh4 67.Rc8 Rh1 68.Nd6 Rd1+ 69.Ke5 Re1+ 70.Kd5 Rd1+ 71.Ke6 Rh1
72.Nf5 Re1+ 73.Kd7 Rd1+ 74.Nd6 Rh1 75.Rc6+ Ka5 76.Rc4 Kb6 77.Nf5 Kb5 78.Rc2 Rd1+
79.Ke6 Kb6 80.Ke5 Rh1 81.Kd5 Rh5 82.Rf2 Kc7 83.Rf4 Kb6 84.Kc4 Kc6 85.Ne7+ Kd6
86.Ng6 Rc5+ 87.Kd4 Rd5+ 88.Ke4 Rd1 89.Rf6+ Kc5 90.Rf5+ Kd6 91.Nf4 Re1+ 92.Kd4 Rd1+
93.Nd3 Ke6 94.Rf2 Rh1 95.Nc5+ Ke7 96.Kd5 Rh5+ 97.Kc6 Rh1 98.Re2+ Kf7 99.Ne4 Rd1
100.Nd6+ Kf6 101.Kd7 Ra1 102.Re6+ Kg5 103.Nf7+ Kf4  1/2-1/2

[Event "Hamburg-ch"]
[Site "Hamburg"]
[Date "1992.??.??"]
[Round "7"]
[White "Voigt, Martin"]
[Black "Engelbert, Christoph"]
[Result "1-0"]
[WhiteElo "2280"]
[BlackElo "2275"]

1.e4 g6 2.d4 Bg7 3.Nc3 d6 4.Nf3 Nf6 5.h3 O-O 6.Be3 Na6 7.Bc4 c6 8.a4 d5 9.Bd3 dxe4
10.Nxe4 Nb4 11.Nxf6+ Bxf6 12.Bc4 Nd5 13.Bh6 Bg7 14.Bxg7 Kxg7 15.a5 Be6 16.Bb3 Nf4
17.Bxe6 Nxe6 18.O-O Qd5 19.Re1 Rad8 20.c3 c5 21.dxc5 Qxc5 22.Qb3 Qc7 23.Rxe6 fxe6
24.Ng5 Qd7 25.Nxe6+ Kh8 26.Nxf8 Rxf8 27.Qd1 Rd8 28.Qe2 Qd6 29.Re1 Rd7 30.Qe5+ Qxe5
31.Rxe5 Kg7 32.Kf1 Kf6 33.Re3 Rd2 34.b4 Rc2 35.g3 e6 36.Kg2 Ke7 37.Kf3 Kf6
38.Rd3 Ke7 39.Ke3 h5 40.h4 Ke8 41.Kf4 Rxf2+ 42.Kg5 Ke7 43.Kxg6 Rf5 44.Rd4 Rf3
45.Kxh5 Rxg3 46.c4 Rb3 47.c5 e5 48.Rc4 Ke6 49.a6 b5 50.cxb6 axb6 51.Rc6+ Kd5
52.Rxb6 e4 53.a7 Ra3 54.Rb5+ Kc6 55.Ra5 Rxa5+ 56.bxa5 Kb7 57.Kg4  1-0

[Event "Havana op"]
[Site "Havana"]
[Date "1992.??.??"]
[Round "?"]
[White "Vilaseco, Franklyn"]
[Black "Chaviano, Miguel"]
[Result "1-0"]
[WhiteElo "2325"]
[BlackElo "2295"]

1.e4 g6 2.d4 Bg7 3.Nc3 d6 4.Be3 c6 5.Qd2 b5 6.f3 Nd7 7.g4 Qa5 8.a3 Rb8 9.b4 Qc7
10.Rd1 a5 11.Nge2 axb4 12.axb4 Nb6 13.Ng3 Nf6 14.g5 Nfd7 15.h4 e5 16.d5 Nc4
17.Bxc4 bxc4 18.dxc6 Qxc6 19.b5 Qa8 20.O-O Qa5 21.b6 Ra8 22.b7 Bxb7 23.Qxd6 Rd8
24.Nd5 Bxd5 25.Rxd5 Qa4  1-0

[Event "Helsinki op"]
[Site "Helsinki"]
[Date "1992.??.??"]
[Round "1"]
[White "Xie Jun"]
[Black "Nouro, Mikael"]
[Result "1-0"]
[WhiteElo "2480"]
[BlackElo "2225"]

1.e4 g6 2.d4 Bg7 3.Nc3 d6 4.Be3 c6 5.Qd2 Nd7 6.Nf3 b5 7.Bd3 Bb7 8.O-O a6
9.a4 e6 10.Rfe1 Ne7 11.Bh6 O-O 12.Rad1 Nb6 13.axb5 cxb5 14.h4 Kh8 15.h5 Bxh6
16.Qxh6 Ng8 17.Qf4 Rc8 18.e5 Bxf3 19.Qxf3 d5 20.Ne2 Nc4 21.Bxc4 Rxc4 22.c3 Qg5
23.Ra1 Rc6 24.Nf4 Kg7 25.Nd3 Ra8 26.Ra5 Ne7 27.Rea1 Rb6 28.Nc5 b4 29.Qf6+ Kh6
30.Qxf7 Nf5 31.hxg6 Qxg6 32.Qxg6+ hxg6 33.Rxa6 Raxa6 34.Rxa6 Rxa6 35.Nxa6 bxc3
36.bxc3 Kg7 37.Nc5 Kf7 38.Kf1 Ke7 39.Ke2 Nh4 40.g3 Nf5 41.Kf3 Ng7 42.Kf4 Ne8
43.Nb7 Nc7 44.Nd6 Kf8 45.Kg5 Kg7 46.f4 Na8 47.g4 Nb6 48.f5 gxf5 49.gxf5  1-0

[Event "Helsinki op"]
[Site "Helsinki"]
[Date "1992.??.??"]
[Round "4"]
[White "Nouro, Mikael"]
[Black "Gurieli, Nino"]
[Result "0-1"]
[WhiteElo "2225"]
[BlackElo "2375"]

1.e4 g6 2.d4 Bg7 3.Nc3 d6 4.g3 Nc6 5.Be3 Nf6 6.h3 O-O 7.Bg2 e5 8.Nge2 Re8
9.O-O exd4 10.Nxd4 Bd7 11.Re1 Nxd4 12.Bxd4 Bc6 13.Qd2 Nd7 14.Bxg7 Kxg7 15.Rad1 Qf6
16.b4 b5 17.Nd5 Bxd5 18.Qxd5 a6 19.Qc6 Ne5 20.Qxc7 Rac8 21.Qxd6 Rxc2 22.Qxf6+ Kxf6
23.f4 Nc4 24.e5+ Ke7 25.Bc6 Rc8 26.Bb7 Rb8 27.Bxa6 Rxa2 28.Ra1 Rxa1 29.Rxa1 Ra8
30.Kf2 h6 31.Kf3 f5 32.Ke2 g5 33.Kd3 Ke6 34.Ra2 Nb6 35.Ra5 Nd5 36.Bxb5 Nxb4+
37.Kc4 Rxa5 38.Kxb4 Ra1 39.Bc4+ Ke7 40.Bd3 gxf4 41.gxf4 Rh1 42.Bxf5 Rf1 43.Bg4 Rxf4+
44.Kc5 Rf8 45.Kd5 Rf4 46.Kc5 Kf7 47.Kd5 Kg6 48.Ke6 h5 49.Be2 Kg5 50.Bd1 Rd4
51.Bf3 Rd3 52.Bg2 Rg3 53.Bf1 Re3 54.Kd5 Kf5 55.e6 Rxe6 56.Bd3+ Kf6 57.Be4 Ra6
58.Bf3 Kg5 59.Ke4 Re6+ 60.Kd3 Re5 61.Be4 Kf4 62.Bg2 Kg3 63.Bf1 Kf2 64.Kd4 Re3
65.Bg2 h4 66.Bf1 Rg3  0-1

[Event "Helsinki op"]
[Site "Helsinki"]
[Date "1992.??.??"]
[Round "7"]
[White "Yrjola, Jouni"]
[Black "Sturua, Zurab"]
[Result "0-1"]
[WhiteElo "2460"]
[BlackElo "2545"]

1.d4 g6 2.e4 Bg7 3.Nc3 d6 4.Be3 a6 5.a4 b6 6.Nf3 Bb7 7.Be2 Nd7 8.O-O e6 9.Nd2 Ne7
10.f4 O-O 11.Bf3 d5 12.e5 Nf5 13.Bf2 c5 14.Ne2 Qc7 15.c3 f6 16.Ng3 Ne7 17.Qe2 a5
18.Rfc1 Rac8 19.Nb3 Qd8 20.Re1 fxe5 21.fxe5 Nc6 22.Bg4 Qe7 23.Be3 cxd4 24.Nxd4 Nc5
25.Nxc6 Bxc6 26.Bd4 Nxa4 27.Qe3 Nxb2 28.Bxb6 Nc4 29.Qc5 Qd7 30.Bxa5 Rf4  0-1